LEADER 00957nam a2200265 i 4500 001 000000093432 003 CaOOAMICUS 005 20060526000000.0 008 060526s1973 it u000 u ita u 013 $a65674 040 $aSeMil$bita 100 1 $aTombari, Fabio.$0(OLS)http://semarc/name/7310 245 13$aIl libro degli animali /$cFabio Tombari. 250 $aRistampa. 260 $a[Milano] :$bArnoldo Mondadori Editore,$c1973. 300 $a277 p. ;$c19 cm. 490 0 $aOscar Mondadori ;$v279 500 $aContiene : Bibliografia. - Fondo Ciprandi. 830 0$aOscar ;$v279.$0(OLS)http://semarc/title/8669 850 $aSeMil 852 $aSeMil$W1$xVenegono$y1$m3X I 124$j55913$B55913$CSeMilBibl$Z2$F61033 $81 941 1 $a1 961 $aOmaggio: Ciprandi dott. Paolo 996 $6245$aIl libro degli animali$9(OLS)http://semarc/title/139175 996 $6260$a[Milano] :$bArnoldo Mondadori Editore$9(OLS)http://semarc/publisher/29634 LEADER 00807nam a2200217 i 4500 001 000000030148 003 CaOOAMICUS 005 20180830125448.0 008 180830s1950 it u000 u ita u 040 $aSeMil$bita 245 10$aBibliografia mariana /$ca cura di Giuseppe M. Besutti ; [poi] ... Ermanno M. Toniolo. 260 $aRoma :$bMarianum,$c1950. 300 $av. ;$c24 cm. 500 $aFondo card. Giovanni Colombo. 700 1 $aToniolo, Ermanno M. .$0(OLS)http://semarc/name/89185 700 1 $aBesutti, Giuseppe Maria,$c.$0(OLS)http://semarc/name/13817 774 0 $t1950-1951.$g2$w()197123 774 0 $t[1].$g1$w()231202 941 1 $a3 996 $6245$aBibliografia mariana$9(OLS)http://semarc/title/41027 996 $6260$aRoma :$bMarianum$9(OLS)http://semarc/publisher/30163